000
00309nam a2200109Ia 4500
008
171211s9999 xx 000 0 und d
245
_a
Large-Scale Scientific Computing
245
_c
Ivan Lirkov
260
_c
2008
650
_x
INFORMATION TECHNOLOGIES
856
_u
http://down.ebook777.com/064/3540788255.pdf
999
_c
349691
_d
349691